01254cam a22003255a 4500001000800000005001700008008004100025010001700066020001800083020001500101040003300116043002100149082002000170100003600190245009700226260005300323300002600376504005100402650001000453651004300463651005500506651004800561651005300609651005400662651005200716653002500768942000800793999001700801952011000818307339320171109142352.0971208t1998 hiu frb 001 0 eng d a 97047687  a9780824820565 a0824820568 aDLCbengcDLCdDLCdEG-ScBUE aae-----aas-----04a330.95bTIP2221 aTipton, Frank B.,d1943-92120314aThe rise of Asia :beconomy, society, and politics in the industrial age /cFrank B. Tipton. aHonolulu :bUniversity of Hawaii Press,cc.1998. axiv, 527 p. ;c22 cm. aIncludes bibliographical references and index. 2BUEsh 7aEast AsiaxEconomic conditions.2BUEsh 7aSoutheast AsiaxEconomic conditions.2BUEsh921205 7aEast AsiaxSocial conditions.2BUEsh921206 7aSoutheast AsiaxSocial conditions.2BUEsh921207 7aEast AsiaxPolitics and government.2BUEsh921208 7aSoutheast AsiaxPolitics and government.2BUEsh bBUSECOcNovember2017 2ddc c25551d25523 00102ddc4070aMAINbMAINc1STd2017-11-09ePurchasel0o330.95 TIPp000042431r2025-07-15 00:00:00yBB